000 01875nam0a2200361 4500
001 RU\NLR\bibl\161222
005 20250618053658.0
010 _a5-7925-0001-0
_9100
021 _aRU
_b2000-47753
_92200
035 _a(NLR Aleph) 000158139
090 _a909094
_c909094
100 _a20010607d1999 |||y0rusy50 ca
101 0 _arus
102 _aRU
105 _aa |||||||||
200 1 _aЭффективные вяжущие и бетоны на основе эффузивных пород
_fА.Д. Цыремпилов, М.Е. Заяханов, П.К. Хардаев, С.Д. Хамаганов
_g[Отв. ред. А.И. Артюнин, д.т.н.]
_gРос. акад. наук. Сиб. отд-ние. Бурят. науч. центр, Вост.-Сиб. гос. технол. ун-т
210 _aУлан-Удэ
_cИзд-во БНЦ
_d1999
215 _a343, [4] с.
_cил.
_d21
320 _aБиблиогр.: с. 321-343 (260 назв.)
606 0 _aВяжущие строительные материалы на основе эффузивных пород
_92211480
_3RU\NLR\auth\661328458
606 0 _aБетон
_xЗаполнители из эффузивных пород
_92211482
_3RU\NLR\auth\661328459
686 _aН3
701 1 _aЦыремпилов
_bА. Д.
_gАнатолий Дашиевич
_4070
701 1 _4070
_aЗаяханов
_bМ. Е.
_cд-р техн. наук, строительство
_gМихаил Егорович
_9153610
_3RU\NLR\AUTH\770153648
701 1 _aХардаев
_bП. К.
_gПетр Казакович
_4070
701 1 _aХамаганов
_bС. Д.
_gСергей Дмитриевич
_4070
702 1 _aАртюнин
_bА. И.
_4340
801 0 _aRU
_bNLR
_c20010607
_gPSBO
801 1 _aRU
_bNLR
_c20010607
942 _cBOOK
980 _aNB